Estatísticas para Cultura Geral

Clique aqui para jogar o quiz

Estatísticas Gerais

  • Esse quiz foi jogado 25 vezes
  • A pontuação média é 8 de 15

Estatísticas das Respostas

HintResposta% Correto
Como se diz perfeito em inglês?Perfect
95%
O que a carruagem da Cinderela se transformou depois da meia-noite?Abóbora
91%
A que país pertence a marca de automóveis Alfa Romeo?Itália
86%
Em que país você encontraria a cidade de Cusco, que já foi capital do Império Inca?Peru
86%
Qual é a montanha mais alta do Japão?Monte Fuji
77%
Que tipo de animal foi Dolly, o primeiro mamífero a ser clonado?Ovelha
73%
Qual é o local de culto dos islâmicos?Mesquita
59%
A que país pertence a cadeia de supermercados Aldi?Alemanha
45%
Qual é o único país onde os dragões de Komodo podem ser encontrados na natureza?Indonésia
45%
Que nome se dá á exibição de filmes durante o dia?Matiné
36%
Em que país surgiu o Mambo?Cuba
32%
Que grande cidade você encontraria a cerca de 160 quilómetros a oeste de Liverpool?Dublin
18%
Que nome se dá á pessoa que pode comunicar com espíritos?Médio
14%
Quem é o grupo disco mais vendido de todos os tempos?Bee Gees
9%
Qual é o principal ingrediente do borscht?Beterraba
9%

Distribuição das Pontuações

Percentil de Números Respondidos

Porcentagem de Pessoas com Cada Pontuação

Sua Pontuação Histórica

Você não jogou esse quiz